| 000 | 00458nam a2200169 a 4500 | ||
|---|---|---|---|
| 005 | 20140310183227.0 | ||
| 008 | 040308s19uu xx 00 eng d | ||
| 020 | _a0345300971 | ||
| 050 |
_aPS 3561.U69 _b.K96 1985 vol.1 |
||
| 100 | _aKurtz, Katherine | ||
| 245 |
_aThe Bishop's heir / _cKatherine Kurtz. |
||
| 260 |
_aNew York : _bBallantine Books, _c1985. |
||
| 300 |
_a361p. : _c17cm. |
||
| 650 | _aFantasy Fiction | ||
| 942 |
_cBK _2lcc |
||
| 999 |
_c20427 _d20427 |
||